000 01083nam a22003017i 4500
003 EG-GICUC
005 20260509170102.0
008 260505s1916 ua |||fr|||| 000 0 ara d
040 _a EG-GICUC
_bara
_c EG-GICUC
_d EG-GICUC
_erda
041 0 _aara
082 0 4 _221
_a341.6040
_bچ و . ح
092 0 4 _221
099 _aLaw1 11 341.6040 چ و . ح 1916
100 0 _aچوستاف لوبون
_eمؤلف.
245 1 2 _aالحرب الاوربية /
_c تأليف چوستاف لوبون، ترجمة اميل زيدان
264 1 _aالقاهرة :
_bمطبعة الفجالة بمصر،
_c1916.
300 _a183صفحة ؛
_c24 سم
336 _2rda content
_atext
337 _2rda media
_aComputer
338 _2rda carrier
_aOnline Resource
546 _aالنص باللغة العربية
650 1 4 _aالقانون الدولي العام
_vالقانون الحربي
_2qrmak
651 1 _2qrmak
700 _aاميل زيدان
_eمترجم.
856 4 0 _uhttps://fll.law.cu.edu.eg/fulltext/bks/B11-04476.pdf
905 _a56
942 _2ddc
_cBK
_e21
_n0
999 _c75685
_d75685